Export of natural rubber: Challenges and opportunities (Record no. 52486)

MARC details
000 -LEADER
fixed length control field 00416nam a2200121Ia 4500
100 ## - MAIN ENTRY--AUTHOR NAME
Personal name Jacob G.
245 #0 - TITLE STATEMENT
Title Export of natural rubber: Challenges and opportunities
260 ## - PUBLICATION, DISTRIBUTION, ETC. (IMPRINT)
Name of publisher Indian Rubber Dealers' Federation Souvenir- 1996, The Indian Rubber Dealers' Federation, Kottayam, India, pp. 33-37.
Year of publication 1996
650 ## - SUBJECT ADDED ENTRY--TOPICAL TERM
Topical Term Export
650 ## - SUBJECT ADDED ENTRY--TOPICAL TERM
Topical Term Natural rubber
942 ## - ADDED ENTRY ELEMENTS (KOHA)
Koha item type Bibliography STAF
Holdings
Withdrawn status Lost status Damaged status Not for loan Home library Current library Date acquired Koha item type
      Bibliography RRII Library RRII Library 09/04/2014 Bibliography STAF